L'Europa e un nuovo ordine globale : colmare i divari globali

Saved in:
書目詳細資料
其他作者: Rasmussen, Poul Nyrup (a cura di)
格式: 圖書
語言:英语
出版: Bruxelles Partito socialista europeo 2003
標簽: 添加標簽
沒有標簽, 成為第一個標記此記錄!

MARC

LEADER 00000nam a2200000 4500
005 20231123131208.0
008 231123b |||||||| |||| 00| 0 eng d
040 |c C 
245 |a L'Europa e un nuovo ordine globale  |b : colmare i divari globali 
260 |a Bruxelles  |b Partito socialista europeo  |c 2003 
700 |a Rasmussen, Poul Nyrup  |c (a cura di) 
942 |2 ddc  |c BK  |n 0 
952 |0 0  |1 0  |2 ddc  |4 0  |6 320_940000000000000_PAR_LEU  |7 1  |9 331  |a GE  |b GE  |d 2015-12-14  |l 0  |o 320.94 PAR LEU  |p 3021  |r 2023-11-23 13:12:41  |w 2023-11-23  |y BK 
999 |c 240  |d 240